[Event "DSM WK M 2012"]
[Site "Karlsruhe GER"]
[Date "2012.05.04"]
[Round "1"]
[White "Morsch, Rebecca"]
[Black "Kluge, Helene"]
[Result "0-1"]
[Termination "normal"]
[Board "6.4"]
[WhiteElo "800"]
[BlackElo "831"]
[WhiteTeam "Gymnasium Altenholz"]
[BlackTeam "Heinrich-Schliemann-Gymnasium Berlin"]
[PlyCount "40"]
[BlackFideId "12983179"]
[EventCountry "GER"]
[EventRounds "7"]
[EventType "team-swiss"]
[EventDate "2012.05.03"]

1. e4 e5 2. Nf3 Nc6 3. Bb5 a6 4. Bxc6 dxc6 5. O-O Nf6 6. Nc3 Bc5 7. d3 O-O 8.
Bd2 Bg4 9. Re1 Re8 10. Be3 Bb6 11. Rc1 Qd7 12. Bg5 Qd6 13. Re3 h6 14. Bxf6 Qxf6
15. Re1 Bxf3 16. Qxf3 Qxf3 17. gxf3 Re6 18. Kf1 Rf6 19. Ne2 Rxf3 20. Ng1 Rxf2#
0-1

[Event "DSM WK M 2012"]
[Site "Karlsruhe GER"]
[Date "2012.05.04"]
[Round "1"]
[White "Fotler, Diana"]
[Black "Gerdts, Martina"]
[Result "0-1"]
[Termination "normal"]
[Board "7.3"]
[WhiteElo "800"]
[BlackElo "1071"]
[WhiteTeam "Gymnasium Neureut"]
[BlackTeam "Athenaeum Stade"]
[PlyCount "98"]
[BlackFideId "12930628"]
[EventCountry "GER"]
[EventRounds "7"]
[EventType "team-swiss"]
[EventDate "2012.05.03"]

1. e4 d6 2. Nc3 Nf6 3. Nf3 g6 4. d4 Bg7 5. e5 dxe5 6. Nxe5 O-O 7. Bc4 e6 8. Bg5
Nbd7 9. Nxd7 Qxd7 10. O-O h6 11. Bf4 c6 12. Qd2 Kh7 13. Rad1 b5 14. Bb3 a5 15.
a4 b4 16. Ne2 Nd5 17. c3 Ba6 18. c4 Nf6 19. d5 exd5 20. cxd5 Bxe2 21. Qxe2 cxd5
22. Qb5 d4 23. Qxd7 Nxd7 24. h3 Ra6 25. Rfe1 Nc5 26. Bc2 Rd8 27. Bd3 Re6 28.
Rxe6 fxe6 29. Bc7 Rd5 30. Bxa5 Nxd3 31. Rxd3 Rxa5 32. b3 e5 33. f3 Rc5 34. Kf2
Rc2+ 35. Ke1 Rxg2 36. a5 Ra2 37. Rd2 Rxa5 38. Rc2 Ra1+ 39. Kd2 Rh1 40. Rc7 Rxh3
41. Rf7 h5 42. f4 e4 43. Re7 Rh2+ 44. Kd1 e3 45. Rd7 h4 46. Rd5 h3 47. f5 Rb2
48. Rd7 h2 49. f6 h1=Q# 0-1

[Event "DSM WK M 2012"]
[Site "Karlsruhe GER"]
[Date "2012.05.04"]
[Round "1"]
[White "Steffens, Skrolan"]
[Black "Schweiger, Lauralie"]
[Result "1-0"]
[Termination "normal"]
[Board "7.4"]
[WhiteElo "800"]
[BlackElo "830"]
[WhiteTeam "Athenaeum Stade"]
[BlackTeam "Gymnasium Neureut"]
[PlyCount "55"]
[EventCountry "GER"]
[EventRounds "7"]
[EventType "team-swiss"]
[EventDate "2012.05.03"]

1. e4 c6 2. d4 d5 3. exd5 cxd5 4. c4 Nf6 5. Nc3 e6 6. Be3 Nc6 7. Nf3 Bb4 8. Be2
O-O 9. O-O b6 10. Bg5 Ba6 11. cxd5 Bxe2 12. Nxe2 Qxd5 13. Bxf6 gxf6 14. Nc3
Bxc3 15. bxc3 Rad8 16. Qc1 e5 17. dxe5 Nxe5 18. Nxe5 Qxe5 19. Re1 Qc5 20. Re3
b5 21. Rg3+ Kh8 22. Qh6 Qg5 23. Rxg5 fxg5 24. Qxg5 f5 25. Re1 Rc8 26. Re7 Rg8
27. Qf6+ Rg7 28. Qxg7# 1-0

[Event "DSM WK M 2012"]
[Site "Karlsruhe GER"]
[Date "2012.05.04"]
[Round "1"]
[White "Polert, Annika"]
[Black "Petric, Vivien"]
[Result "1-0"]
[Termination "normal"]
[Board "8.1"]
[WhiteElo "1806"]
[BlackElo "844"]
[WhiteTeam "Gymnasium Harksheide"]
[BlackTeam "Salier-Gymnasium Waiblingen"]
[PlyCount "77"]
[WhiteFideId "24692328"]
[EventCountry "GER"]
[EventRounds "7"]
[EventType "team-swiss"]
[EventDate "2012.05.03"]

1. c4 e5 2. g3 Nc6 3. Bg2 Bb4 4. a3 Be7 5. Nc3 Nf6 6. d3 O-O 7. Nf3 d6 8. O-O
Bg4 9. b4 a6 10. Bb2 Qd7 11. Re1 Nd4 12. Nxd4 exd4 13. Ne4 c5 14. Qb3 Bh3 15.
Bh1 Qf5 16. Nxf6+ Bxf6 17. Bxb7 Rae8 18. Qc2 Re7 19. Be4 Qe5 20. Bc1 Bg5 21. f4
Qf6 22. fxg5 Qe6 23. Bf4 f6 24. Bd5 Qf7 25. Bxf7+ Rfxf7 26. g6 hxg6 27. Bxd6
Re6 28. Bxc5 f5 29. Bxd4 f4 30. c5 fxg3 31. hxg3 Rf5 32. c6 Re8 33. c7 Rg5 34.
Bf2 Rf8 35. e4 Rf3 36. c8=Q+ Bxc8 37. Qxc8+ Rf8 38. Qe6+ Rf7 39. Rac1 1-0

[Event "DSM WK M 2012"]
[Site "Karlsruhe GER"]
[Date "2012.05.04"]
[Round "1"]
[White "Georgieva, Kameliya"]
[Black "Köhler, Inken"]
[Result "0-1"]
[Termination "normal"]
[Board "8.2"]
[WhiteElo "755"]
[BlackElo "1310"]
[WhiteTeam "Salier-Gymnasium Waiblingen"]
[BlackTeam "Gymnasium Harksheide"]
[PlyCount "96"]
[BlackFideId "12929301"]
[EventCountry "GER"]
[EventRounds "7"]
[EventType "team-swiss"]
[EventDate "2012.05.03"]

1. e4 e5 2. Nf3 Nc6 3. Bc4 Bc5 4. O-O d6 5. Ng5 Qxg5 6. Qf3 Qg6 7. Nc3 Bg4 8.
Qg3 Nf6 9. Nb5 O-O-O 10. d3 h5 11. h3 Be2 12. Qxg6 fxg6 13. Re1 a6 14. Be6+ Kb8
15. Rxe2 axb5 16. b3 Nd4 17. Rd2 Nxe6 18. a4 b4 19. a5 Bd4 20. Ra4 Nc5 21. Rxb4
Bc3 22. Rb5 Bxd2 23. Bxd2 Na6 24. Bg5 Rdf8 25. c4 Nd7 26. b4 c6 27. Be7 cxb5
28. Bxf8 Rxf8 29. cxb5 Nxb4 30. a6 Nxd3 31. f3 N7c5 32. Kf1 Ka7 33. Ke2 bxa6
34. bxa6 Kxa6 35. g4 Nf4+ 36. Ke3 Nxh3 37. gxh5 gxh5 38. f4 Rxf4 39. Ke2 Ng1+
40. Kd2 Rf3 41. Kc2 Rd3 42. Kc1 Nf3 43. Kc2 Kb5 44. Kb2 Kb4 45. Kc1 Kc3 46. Kb1
Rd2 47. Kc1 Kb3 48. Kb1 Rd1# 0-1

[Event "DSM WK M 2012"]
[Site "Karlsruhe GER"]
[Date "2012.05.04"]
[Round "1"]
[White "Hackbarth, Rieke Marie"]
[Black "Schimmelpfennig, Desirée"]
[Result "0-1"]
[Termination "normal"]
[Board "8.3"]
[WhiteElo "800"]
[BlackElo "939"]
[WhiteTeam "Gymnasium Harksheide"]
[BlackTeam "Salier-Gymnasium Waiblingen"]
[PlyCount "38"]
[EventCountry "GER"]
[EventRounds "7"]
[EventType "team-swiss"]
[EventDate "2012.05.03"]

1. e4 e5 2. Nf3 Nc6 3. Nc3 Bb4 4. Bc4 Nf6 5. d3 Nd4 6. Bb3 O-O 7. Bg5 h6 8.
Bxf6 Qxf6 9. h4 d6 10. g4 Bxg4 11. Qc1 Bxf3 12. Rg1 Ne2 13. Qd2 Nxg1 14. Kf1
Ne2 15. Qe3 Nxc3 16. bxc3 Bxc3 17. Rc1 Bd4 18. Qd2 Qxh4 19. c3 Qh1# 0-1

[Event "DSM WK M 2012"]
[Site "Karlsruhe GER"]
[Date "2012.05.04"]
[Round "1"]
[White "Pankonin, Tabea"]
[Black "Bahr, Hannah"]
[Result "1-0"]
[Termination "normal"]
[Board "8.4"]
[WhiteElo "774"]
[BlackElo "800"]
[WhiteTeam "Salier-Gymnasium Waiblingen"]
[BlackTeam "Gymnasium Harksheide"]
[PlyCount "57"]
[EventCountry "GER"]
[EventRounds "7"]
[EventType "team-swiss"]
[EventDate "2012.05.03"]

1. e4 e5 2. Nf3 Nc6 3. Bc4 Bd6 4. O-O Nf6 5. d3 O-O 6. Nc3 Re8 7. Bg5 Re6 8.
Nd5 Ng4 9. Bxd8 Rh6 10. Bxc7 Bc5 11. Bb5 Bxf2+ 12. Kh1 f5 13. h3 fxe4 14. dxe4
d6 15. Bxd6 Be6 16. Qe2 Bg3 17. a4 Rf8 18. Bxc6 bxc6 19. Ne7+ Kh8 20. Nxc6 Nf2+
21. Rxf2 Bh4 22. Bxf8 Bd7 23. Nxh4 Rxh4 24. g3 Bxc6 25. gxh4 a6 26. Qg4 Bxe4+
27. Qxe4 a5 28. Qg4 Kg8 29. Qxg7# 1-0

[Event "DSM WK M 2012"]
[Site "Karlsruhe GER"]
[Date "2012.05.04"]
[Round "1"]
[White "von der Heyde, Emma Lotte"]
[Black "Kim, Yu-Mi"]
[Result "0-1"]
[Termination "normal"]
[Board "9.1"]
[WhiteElo "800"]
[BlackElo "1239"]
[WhiteTeam "Schule an der Carbäk Broderstorf"]
[BlackTeam "Auguste-Viktoria-Gymnasium Trier"]
[PlyCount "44"]
[BlackFideId "12955361"]
[EventCountry "GER"]
[EventRounds "7"]
[EventType "team-swiss"]
[EventDate "2012.05.03"]

1. e4 e5 2. Nf3 Nc6 3. Nc3 Bc5 4. Na4 Bb6 5. Bc4 Nf6 6. Nc3 d6 7. O-O Bg4 8. d3
h6 9. h3 Bh5 10. Na4 Nd4 11. Nxb6 axb6 12. Bb5+ c6 13. Bc4 O-O 14. c3 Nxf3+ 15.
gxf3 d5 16. Bb3 dxe4 17. Qe1 Bxf3 18. Be3 Qd7 19. Kh2 Qf5 20. Rg1 Qh5 21. d4
Bg4 22. Bd1 Qxh3# 0-1

[Event "DSM WK M 2012"]
[Site "Karlsruhe GER"]
[Date "2012.05.04"]
[Round "1"]
[White "Kim, Yun-Mi"]
[Black "Basler, Alina"]
[Result "1-0"]
[Termination "normal"]
[Board "9.2"]
[WhiteElo "1064"]
[BlackElo "800"]
[WhiteTeam "Auguste-Viktoria-Gymnasium Trier"]
[BlackTeam "Schule an der Carbäk Broderstorf"]
[PlyCount "95"]
[EventCountry "GER"]
[EventRounds "7"]
[EventType "team-swiss"]
[EventDate "2012.05.03"]

1. e4 e5 2. Nf3 Nc6 3. Bc4 Nf6 4. d3 Bb4+ 5. Bd2 d6 6. a3 Bc5 7. Nc3 Bg4 8. h3
Bh5 9. O-O O-O 10. Be3 Bb6 11. a4 d5 12. exd5 Nxd5 13. Bxd5 Rb8 14. Bxc6 bxc6
15. Ne4 f5 16. Nc3 e4 17. dxe4 fxe4 18. Qxd8 Rbxd8 19. Nh2 c5 20. a5 Bxa5 21.
Rxa5 Ra8 22. Rxc5 Bf7 23. Rxc7 Rfc8 24. Rxc8+ Rxc8 25. Rd1 Bh5 26. Rd7 Be8 27.
Rxa7 Bb5 28. Nxb5 Rb8 29. c4 Rd8 30. Nc7 Rd1+ 31. Nf1 Rd8 32. Ra8 Rxa8 33. Nxa8
g5 34. b4 Kf8 35. b5 Ke8 36. c5 Kd8 37. c6 Kc8 38. b6 Kb8 39. b7 h6 40. c7+
Kxb7 41. f3 exf3 42. gxf3 h5 43. Nd2 g4 44. f4 gxh3 45. f5 h2+ 46. Kxh2 h4 47.
Nc4 Kxa8 48. c8=Q# 1-0

[Event "DSM WK M 2012"]
[Site "Karlsruhe GER"]
[Date "2012.05.04"]
[Round "1"]
[White "Nikolowa, Cecilia"]
[Black "Mertes, Kathrin"]
[Result "0-1"]
[Termination "normal"]
[Board "9.3"]
[WhiteElo "800"]
[BlackElo "1085"]
[WhiteTeam "Schule an der Carbäk Broderstorf"]
[BlackTeam "Auguste-Viktoria-Gymnasium Trier"]
[PlyCount "64"]
[EventCountry "GER"]
[EventRounds "7"]
[EventType "team-swiss"]
[EventDate "2012.05.03"]

1. d4 d5 2. Nf3 Bf5 3. Nc3 Nf6 4. e3 e6 5. Bb5+ Nbd7 6. Ne5 Bb4 7. Nd3 Ba5 8.
b4 Bxd3 9. cxd3 Bxb4 10. Bb2 O-O 11. g3 c6 12. Ba4 e5 13. h4 exd4 14. exd4 Re8+
15. Kd2 b5 16. Bb3 Bxc3+ 17. Bxc3 c5 18. f3 c4 19. Bc2 Rb8 20. Rb1 a5 21. Rb2
b4 22. a3 bxc3+ 23. Kxc3 Rxb2 24. Kxb2 Qb6+ 25. Kc3 cxd3 26. Bxd3 Rc8+ 27. Kd2
Qxd4 28. Re1 Qb2+ 29. Ke3 Re8+ 30. Kf4 Qd4+ 31. Kf5 Re5+ 32. Rxe5 Qxe5# 0-1

[Event "DSM WK M 2012"]
[Site "Karlsruhe GER"]
[Date "2012.05.04"]
[Round "1"]
[White "Mauel, Valeria"]
[Black "Führer, Anne"]
[Result "1-0"]
[Termination "normal"]
[Board "9.4"]
[WhiteElo "1051"]
[BlackElo "800"]
[WhiteTeam "Auguste-Viktoria-Gymnasium Trier"]
[BlackTeam "Schule an der Carbäk Broderstorf"]
[PlyCount "35"]
[EventCountry "GER"]
[EventRounds "7"]
[EventType "team-swiss"]
[EventDate "2012.05.03"]

1. e4 e5 2. Nf3 Nf6 3. Nc3 Bc5 4. Bc4 O-O 5. d3 d6 6. Bg5 Qe8 7. Bxf6 gxf6 8.
Nd5 c6 9. Nxf6+ Kh8 10. Nxe8 Rxe8 11. Bxf7 Rf8 12. Ng5 h6 13. Qh5 Rxf7 14.
Nxf7+ Kh7 15. Ng5+ Kh8 16. Qe8+ Kg7 17. Qf7+ Kh8 18. Qh7# 1-0

[Event "DSM WK M 2012"]
[Site "Karlsruhe GER"]
[Date "2012.05.04"]
[Round "1"]
[White "Beier, Nina"]
[Black "Hammer, Nicole"]
[Result "1-0"]
[Termination "normal"]
[Board "10.1"]
[WhiteElo "1579"]
[BlackElo "752"]
[WhiteTeam "Albertus-Magnus-Schule Viernheim"]
[BlackTeam "Freiherr-vom-Stein Gymnasium Hamm"]
[PlyCount "77"]
[WhiteFideId "24660434"]
[EventCountry "GER"]
[EventRounds "7"]
[EventType "team-swiss"]
[EventDate "2012.05.03"]

1. d4 d5 2. Bg5 f6 3. Bh4 Nc6 4. e3 a6 5. Bd3 g6 6. Nd2 Bg7 7. Ngf3 e5 8. dxe5
Nxe5 9. Nxe5 Be6 10. Nef3 Qd7 11. h3 O-O-O 12. Nd4 Bf7 13. N2b3 Bf8 14. Be2 f5
15. Bxd8 Qxd8 16. a3 Nf6 17. Qd3 Bd6 18. Na5 c5 19. Nxb7 Qb6 20. Nxd6+ Qxd6 21.
Qxa6+ Qxa6 22. Bxa6+ Kd8 23. Nf3 f4 24. O-O fxe3 25. fxe3 Ke7 26. Ng5 Be8 27.
Rae1 Kf8 28. Rxf6+ Kg7 29. Ref1 h6 30. Ne6+ Kh7 31. Bd3 Rg8 32. Nf8+ Kh8 33.
Nxg6+ Bxg6 34. Bxg6 Rd8 35. R1f3 d4 36. exd4 Rxd4 37. Rg3 h5 38. Bf5 Rd8 39.
Rh6# 1-0

[Event "DSM WK M 2012"]
[Site "Karlsruhe GER"]
[Date "2012.05.04"]
[Round "1"]
[White "Hörnschemeyer, Mara"]
[Black "Werner, Tanja"]
[Result "0-1"]
[Termination "normal"]
[Board "10.2"]
[WhiteElo "800"]
[BlackElo "1153"]
[WhiteTeam "Freiherr-vom-Stein Gymnasium Hamm"]
[BlackTeam "Albertus-Magnus-Schule Viernheim"]
[PlyCount "66"]
[EventCountry "GER"]
[EventRounds "7"]
[EventType "team-swiss"]
[EventDate "2012.05.03"]

1. e4 e5 2. Nf3 Nc6 3. Bc4 Nf6 4. Nc3 Bc5 5. O-O d6 6. d3 h6 7. h3 O-O 8. Bd2
Be6 9. Bxe6 fxe6 10. Nh4 Ne7 11. Qf3 Rf7 12. Rad1 d5 13. exd5 exd5 14. Qg3 g5
15. Nf3 e4 16. dxe4 Nxe4 17. Nxe4 dxe4 18. Ne5 Rf5 19. Ng4 Kh7 20. Be3 Bd6 21.
f4 Qf8 22. Qf2 Nd5 23. g3 gxf4 24. gxf4 Nxf4 25. Qg3 Ne2+ 26. Kg2 Nxg3 27. Rf2
Rxf2+ 28. Bxf2 Nh5 29. Be3 Qf3+ 30. Kg1 Qxd1+ 31. Kf2 Rf8+ 32. Kg2 Qf3+ 33. Kg1
Qf1# 0-1

[Event "DSM WK M 2012"]
[Site "Karlsruhe GER"]
[Date "2012.05.04"]
[Round "1"]
[White "Riederer, Jana"]
[Black "Kowalski, Rebecca"]
[Result "1-0"]
[Termination "normal"]
[Board "10.3"]
[WhiteElo "800"]
[BlackElo "800"]
[WhiteTeam "Albertus-Magnus-Schule Viernheim"]
[BlackTeam "Freiherr-vom-Stein Gymnasium Hamm"]
[PlyCount "112"]
[EventCountry "GER"]
[EventRounds "7"]
[EventType "team-swiss"]
[EventDate "2012.05.03"]

1. e4 e5 2. Nf3 Nf6 3. Nc3 Nc6 4. Bb5 Bb4 5. O-O O-O 6. Bxc6 dxc6 7. Nxe5 Qd4
8. Nf3 Qb6 9. e5 Ng4 10. Ne4 Bf5 11. c3 Bc5 12. d4 Bxe4 13. dxc5 Qxc5 14. Qe2
b5 15. Qxe4 Qc4 16. Qxc4 bxc4 17. Nd4 Nxe5 18. Bf4 Nd3 19. Bxc7 Rac8 20. Bd6
Rfe8 21. b3 Red8 22. Be7 Re8 23. Bb4 cxb3 24. axb3 c5 25. Rfd1 Nxb4 26. cxb4
cxd4 27. Rxa7 Red8 28. b5 Rb8 29. Ra5 h6 30. g3 Kh7 31. h4 f6 32. f4 g5 33.
hxg5 fxg5 34. Re1 Kg6 35. Rf1 d3 36. Rd1 Kf5 37. fxg5 hxg5 38. Rf1+ Kg4 39. Kg2
d2 40. Rd1 Rbc8 41. Ra4+ Kf5 42. Raa1 g4 43. b6 Rc5 44. b4 Rb5 45. Rab1 Rxb6
46. b5 Rd5 47. Rb2 Ke6 48. Rbxd2 Rdxb5 49. Rd4 Kf5 50. Rd5+ Ke4 51. R5d4+ Kf5
52. Rf1+ Ke5 53. Rxg4 Rb2+ 54. Rf2 Rf6 55. Rxb2 Kf5 56. Rf4+ Kg5 1-0

[Event "DSM WK M 2012"]
[Site "Karlsruhe GER"]
[Date "2012.05.04"]
[Round "1"]
[White "Mewes, Melissa"]
[Black "Seeger, Amelie"]
[Result "0-1"]
[Termination "normal"]
[Board "10.4"]
[WhiteElo "800"]
[BlackElo "800"]
[WhiteTeam "Freiherr-vom-Stein Gymnasium Hamm"]
[BlackTeam "Albertus-Magnus-Schule Viernheim"]
[PlyCount "92"]
[EventCountry "GER"]
[EventRounds "7"]
[EventType "team-swiss"]
[EventDate "2012.05.03"]

1. e4 e5 2. Nf3 Nc6 3. Bb5 Nf6 4. Nc3 Bb4 5. Ng5 O-O 6. O-O h6 7. Nh3 d6 8.
Bxc6 bxc6 9. a3 Bxc3 10. bxc3 Nxe4 11. Re1 d5 12. Qf3 Ng5 13. Nxg5 Qxg5 14. d4
Qe7 15. Rxe5 Qd6 16. Bf4 Qg6 17. a4 Qxc2 18. a5 Qb2 19. Rae1 Rb8 20. Bc1 Qa2
21. R5e2 Qxa5 22. Bf4 Ba6 23. Re7 Rb3 24. Bxc7 Qxc3 25. Qxc3 Rxc3 26. Ba5 Rb3
27. Rxa7 Bc4 28. Ra6 Bxa6 29. g3 Bd3 30. f4 Be4 31. Bc7 Rc8 32. Bd6 Ra8 33. g4
Ra4 34. g5 hxg5 35. fxg5 Rxd4 36. Bc5 Rc4 37. Be7 Rbc3 38. h4 Rc1 39. Rf1 R4c2
40. h5 Bg2 41. Kh2 Bxf1+ 42. Kg3 Rc4 43. Ba3 R1c3+ 44. Kf2 Rxa3 45. Kxf1 Rc2
46. h6 Ra1# 0-1